[Event "8th RTU Open 2018"]
[Site "Riga"]
[Date "2018.08.10"]
[Round "7"]
[White "Kjartansson, Gudmundur"]
[Black "Solozhenkina, Elizaveta"]
[Result "1-0"]
[WhiteElo "2434"]
[BlackElo "2294"]
[Annotator "TA"]
[PlyCount "133"]
[EventDate "2018.08.06"]
[EventType "swiss"]
[EventCountry "LAT"]
[SourceTitle "playchess.com"]
[Source "ChessBase"]
[SourceQuality "1"]

{[%evp 22,133,25,27,60,40,68,65,74,64,94,61,66,66,61,44,37,45,56,51,75,62,76,49,72,69,83,0,0,0,0,0,10,8,10,0,0,10,10,0,0,0,0,-35,0,0,24,42,38,0,0,-35,-17,-35,57,44,296,277,286,291,289,225,288,256,247,243,243,236,354,342,362,320,396,392,400,417,402,254,257,246,247,203,203,203,195,203,246,222,265,263,303,262,254,241,268,258,483,390,399,405,471,468,483,483,473,457,584,567,790,726,1097,1063,1174,1204]} 1. e4 c5 2. Nf3 d6 3. d4 cxd4 4. Nxd4 Nf6 5. Nc3 a6 6. h3 e5 7. Nb3 Be7 {B90: Sicilian Najdorf: Unusual White 6th moves, 6 Be3 Ng4 and 6 Be3 e5} 8. Be3 Be6 9. f4 exf4 10. Bxf4 Nc6 11. Qe2 Ne5 12. O-O-O {[#] LiveBook: 28 Games. And now Bxe5 would win.} Qc7 13. g4 {[%cal Bg2g4,Bg4g5][%mdl 32] [#]} h5 $146 {[%cal Rh5g4]} ({Predecessor:} 13... Rc8 14. g5 Nfd7 15. Nd5 Bxd5 16. exd5 Qc4 17. Qxc4 Nxc4 18. h4 Nce5 {1-0 (47) Nepomniachtchi,I (2717)-Dvoirys,S (2533) Ekaterinburg 2013}) 14. g5 Nfd7 15. Nd5 Bxd5 $1 16. Rxd5 h4 17. Qf2 O-O-O 18. Be2 Kb8 19. Kb1 Rc8 20. Rc1 Nb6 21. Rd4 Nbc4 22. Nd2 Nxd2+ 23. Rxd2 f6 24. Bxe5 (24. gxf6 $16 Bxf6 25. Rcd1) 24... fxe5 $11 25. Qg2 g6 26. Rcd1 Rcf8 27. Rd3 Rf4 28. Rc3 Qb6 29. Rb3 Qc6 30. Bf3 Rhf8 31. Rdd3 Bd8 32. a3 Ba5 33. Qg1 Ka8 34. Qd1 $36 {[%mdl 2048] White fights for an advantage.} Rd8 35. Rd5 Bb6 36. Qd3 Bd4 37. Bg4 Rff8 (37... Rdf8 $15) 38. Be6 $14 Rde8 $2 {[%mdl 8192]} ({Black should play} 38... Qa4 $1 $14) 39. Rxd4 $18 Rxe6 40. Rc4 Qd7 41. Qd5 Rb8 42. Rb6 {[%cal Rb6a6]} Ka7 43. Rcb4 {[%cal Bc4b4,Bb4b3,Bb3c3][%mdl 32]} Re7 44. Rb3 ({But not} 44. Rxd6 $6 Qxh3 45. Qc5+ (45. Rxg6 Rc8 $16) 45... Ka8 $16) 44... Rf7 (44... Qe8 $142 45. Rxd6 Rc8) 45. Rxd6 Qc7 {Now ...Rf1+ and Black clings on.} 46. Rc3 (46. Rxg6 Rf1+ 47. Ka2 Qxc2 $16) 46... Qe7 47. Rxg6 Rg7 48. Rxg7 Qxg7 {[%mdl 4096] Endgame KQR-KQR} 49. Qd2 Rg8 50. Qf2+ Kb8 51. Qxh4 Qxg5 52. Qxg5 Rxg5 {KR-KR} 53. Ka2 Rg2 54. Rc5 Rg5 55. Kb3 b6 56. Rc6 Kb7 57. Re6 b5 58. Kb4 Rh5 $2 (58... Rg2 59. Re7+ Kc6 60. Re6+ (60. Rxe5 Rxc2 61. b3 Kd7 $18) 60... Kb7) 59. Kc5 Rxh3 60. Re7+ Kb8 61. Rxe5 {White is clearly winning.} Rh2 62. Kb6 {[%cal Re5e8]} Rh6+ {[#]} 63. Ka5 $1 Rc6 64. c3 Kb7 65. Re7+ Kb8 66. e5 Ka8 67. Rf7 {Precision: White = 67%, Black = 37%.} 1-0

[Event "8th RTU Open 2018"]
[Site "Riga"]
[Date "2018.08.10"]
[Round "7"]
[White "Pechac, Jergus"]
[Black "Schroeder, Jan Christian"]
[Result "1-0"]
[WhiteElo "2431"]
[BlackElo "2573"]
[Annotator "TA"]
[PlyCount "89"]
[EventDate "2018.08.06"]
[EventType "swiss"]
[EventCountry "LAT"]
[SourceTitle "playchess.com"]
[Source "ChessBase"]
[SourceQuality "1"]

{[%evp 20,89,29,13,7,0,0,0,5,0,16,-9,-7,-14,0,0,0,-14,0,-8,9,-119,0,11,0,-50,-40,-52,-50,-127,-132,-185,-184,-446,-48,-41,0,0,0,-43,0,0,54,45,100,0,0,0,0,-59,46,38,117,112,864,889,882,392,868,883,883,877,860,850,834,808,806,788,775,740,1542,1440]} 1. g3 d5 2. Nf3 Nf6 3. Bg2 e6 4. O-O Be7 5. c4 O-O 6. b3 b6 7. cxd5 exd5 8. d4 Bb7 9. Bb2 Nbd7 10. Nc3 Re8 11. e3 {LiveBook: 6 Games. E17: Queen's Indian: 4 g3 Bb7 5 Bg2 Be7} (11. Rc1 Bf8 12. Qc2 a6 13. Rfd1 Rc8 14. e3 Qe7 15. Ne5 Qe6 16. Ne2 c6 17. Nf4 Qd6 18. Bh3 Rc7 19. b4 {½-½ (39) Leko,P (2691)-Bacrot,E (2725) Riadh 2017}) 11... Ne4 12. Nxe4 dxe4 13. Nd2 {The position is equal.} Nf6 $146 ({Predecessor:} 13... f5 14. Rc1 Nf6 15. Nc4 Rc8 16. Qe2 Nd5 17. a3 Bf6 18. b4 Qd7 {1-0 (57) Sikora Lerch,J (2332)-Harasta,V (2190) Tatranske Zruby 2002}) 14. Qc2 {[%cal Rd2e4]} Bd6 15. Rfd1 Bd5 16. Nc4 Qd7 17. Rac1 h5 18. Qe2 h4 19. gxh4 Qf5 20. Kh1 (20. Nxd6 $11 {remains equal.} cxd6 21. Rc7) 20... Qh7 (20... Bxc4 $1 $17 21. bxc4 (21. Rxc4 $2 Ng4 $17) 21... Rab8) 21. Nxd6 $11 cxd6 22. Ba3 (22. h5 $5) 22... Rad8 {[%mdl 1024] Black has compensation.} 23. h5 Be6 $1 24. Rg1 (24. h3 $1 $15) 24... Bg4 $17 25. Qb5 (25. f3 $17 Bxh5 26. Rce1) 25... d5 $19 26. Rc7 $2 (26. h6 Qxh6 27. Bb4) 26... Rd7 $2 (26... Qxh5 $19 27. Qc6 (27. Rxa7 $2 Be2 $19) 27... Re6) 27. Rc6 $15 {Threatens to win with Rxf6!} Be6 28. Qe2 Bg4 29. Qb5 $1 {And now Rxf6! would win.} Be6 30. Qe2 Rdd8 (30... Bg4 $11 31. f3 Nxh5) 31. Bh3 $1 $14 Rc8 ({Black should try} 31... Bxh3 $14 32. Rxf6 Re6 33. Rxe6 Bxe6) 32. Rd6 ({White has to play} 32. Rxc8 $16 Bxc8 33. Bxc8 Rxc8 34. Rg5) 32... Bxh3 $11 33. Rxf6 $1 Re6 $1 {[%cal Re6f6]} 34. Rf4 (34. Rxe6 $11 Bxe6 35. Rg3) 34... f5 (34... Rh6 $15 35. Rh4 Bd7) 35. Qa6 $14 Rd8 ({Better is} 35... Rc7 $14 36. Qb5 Kh8 37. Qxd5 Re8) 36. Qb7 $40 {[%mdl 128] White attacks with force.} Ree8 $2 {[%mdl 8192]} (36... g6 $16 37. Qxh7+ Kxh7) 37. Be7 $18 {White wants to mate with Bf6.} Rb8 38. Qxd5+ Kh8 {[#]} 39. h6 $1 {White is clearly winning.} Rxe7 (39... gxh6 40. Qe5+) 40. hxg7+ Rxg7 41. Rxg7 Kxg7 42. Qe5+ Kf7 {[#]} 43. Qc7+ $1 ({And not} 43. Qxb8 Qg6 $11) 43... Kg6 44. Qxb8 Qh5 45. Qe8+ {Precision: White = 45%, Black = 32%.} 1-0

[Event "8th RTU Open 2018"]
[Site "Riga"]
[Date "2018.08.10"]
[Round "7"]
[White "Samolins, Vitalijs"]
[Black "Chukavin, Kirill"]
[Result "1/2-1/2"]
[WhiteElo "2419"]
[BlackElo "2291"]
[Annotator "NA"]
[PlyCount "124"]
[EventDate "2018.08.06"]
[EventType "swiss"]
[EventCountry "LAT"]
[SourceTitle "playchess.com"]
[Source "ChessBase"]
[SourceQuality "1"]
[TimeControl "5400+30"]

1. e4 {[%emt 0:00:21]} c5 {[%emt 0:01:02]} 2. Nc3 {[%emt 0:00:10]} Nc6 {[%emt 0:00:37]} 3. Bb5 {[%emt 0:00:23]} e5 {[%emt 0:11:59]} 4. Bxc6 {[%emt 0:03:54]} bxc6 {[%emt 0:01:42]} 5. d3 {[%emt 0:00:30]} Ne7 {[%emt 0:03:14]} 6. f4 {[%emt 0:09:05]} exf4 {[%emt 0:00:51]} 7. Qf3 {[%emt 0:04:35]} Ng6 {[%emt 0:13:24]} 8. Nge2 {[%emt 0:00:33]} Qh4+ {[%emt 0:06:43]} 9. g3 {[%emt 0:06:52]} fxg3 {[%emt 0:01:24]} 10. hxg3 {[%emt 0:00:07]} Qe7 {[%emt 0:02:10]} 11. Bf4 {[%emt 0:05:58]} d6 {[%emt 0:09:57]} 12. d4 {[%emt 0:07:44]} cxd4 {[%emt 0:03:25]} 13. Nxd4 {[%emt 0:01:15]} Ne5 {[%emt 0:00:47]} 14. Qe2 {[%emt 0:09:52]} a5 {[%emt 0:06:56]} 15. Bxe5 {[%emt 0:04:29]} dxe5 {[%emt 0:03:10]} 16. Nf5 {[%emt 0:09:07]} Qb4 {[%emt 0:03:31]} 17. Qd2 {[%emt 0:03:31]} g6 {[%emt 0:09:32]} 18. O-O-O {[%emt 0:00:54]} Be6 {[%emt 0:04:24]} 19. a3 {[%emt 0:00:30]} Qb8 {[%emt 0:01:47]} 20. Qg5 {[%emt 0:05:55]} gxf5 {[%emt 0:05:16]} 21. exf5 {[%emt 0:00:05]} h5 {[%emt 0:02:00]} 22. Kb1 {[%emt 0:10:12]} Bxa3 {[%emt 0:01:24]} 23. Na4 {[%emt 0:00:01]} Bd5 {[%emt 0:01:26]} 24. Rhe1 {[%emt 0:06:34]} Qd6 {[%emt 0:04:09]} 25. c4 {[%emt 0:00:42]} f6 {[%emt 0:00:59]} 26. Qg6+ {[%emt 0:06:13]} Bf7 {[%emt 0:00:02]} 27. Rxd6 {[%emt 0:00:20]} Bxg6 {[%emt 0:00:03]} 28. Rxf6 {[%emt 0:00:02]} Bf7 {[%emt 0:01:20]} 29. bxa3 {[%emt 0:00:34]} O-O {[%emt 0:00:22]} 30. Rxe5 {[%emt 0:00:50]} Bxc4 {[%emt 0:00:38]} 31. Rg6+ {[%emt 0:02:40]} Kh7 {[%emt 0:00:23]} 32. Rxc6 {[%emt 0:00:22]} Rxf5 {[%emt 0:00:28]} 33. Re7+ {[%emt 0:00:50]} Bf7 {[%emt 0:00:48]} 34. Nc5 {[%emt 0:00:44]} Rb8+ {[%emt 0:00:16]} 35. Kc1 {[%emt 0:00:19]} Rf1+ {[%emt 0:00:27]} 36. Kd2 {[%emt 0:00:11]} Rb2+ {[%emt 0:00:31]} 37. Kc3 {[%emt 0:00:55]} Rg2 {[%emt 0:00:09]} 38. Re3 {[%emt 0:00:33]} Rc1+ {[%emt 0:00:09]} 39. Kd4 {[%emt 0:00:57]} Rd2+ {[%emt 0:01:20]} 40. Ke5 {[%emt 0:00:26]} Rd5+ {[%emt 0:00:22]} 41. Kf6 {[%emt 0:00:05]} Bg6 {[%emt 0:00:39]} 42. Re7+ {[%emt 0:01:03]} Kh6 {[%emt 0:00:01]} 43. Re5 {[%emt 0:00:00]} Rxe5 {[%emt 0:01:08]} 44. Kxe5 {[%emt 0:00:01]} Rc3 {[%emt 0:00:06]} 45. Kf4 {[%emt 0:01:06]} Rxa3 {[%emt 0:00:28]} 46. Ra6 {[%emt 0:00:01]} Ra1 {[%emt 0:00:30]} 47. Ra7 {[%emt 0:01:13]} Rf1+ {[%emt 0:00:45]} 48. Ke3 {[%emt 0:00:01]} Rg1 {[%emt 0:00:28]} 49. Kf4 {[%emt 0:00:16]} Rf1+ {[%emt 0:00:02]} 50. Ke3 {[%emt 0:00:01]} Rg1 {[%emt 0:00:54]} 51. Kf4 {[%emt 0:00:01]} Ra1 {[%emt 0:00:06]} 52. Ra6 {[%emt 0:00:21]} Rf1+ {[%emt 0:00:41]} 53. Ke3 {[%emt 0:00:03]} Kg5 {[%emt 0:00:30]} 54. Rxa5 {[%emt 0:00:25]} Kg4 {[%emt 0:00:02]} 55. Nd7 {[%emt 0:01:44]} Rf3+ {[%emt 0:01:20]} 56. Ke2 {[%emt 0:00:01]} Rxg3 {[%emt 0:00:29]} 57. Ne5+ {[%emt 0:01:18]} Kh4 {[%emt 0:00:10]} 58. Kf2 {[%emt 0:00:49]} Be8 {[%emt 0:00:47]} 59. Ra8 {[%emt 0:00:50]} Rg8 {[%emt 0:00:24]} 60. Rb8 {[%emt 0:00:53]} Rf8+ {[%emt 0:00:48]} 61. Nf3+ {[%emt 0:00:01]} Kg4 {[%emt 0:00:14]} 62. Rb4+ {[%emt 0:00:03]} Rf4 {[%emt 0:00:42]} 1/2-1/2

[Event "8th RTU Open 2018"]
[Site "Riga"]
[Date "2018.08.10"]
[Round "7"]
[White "Korchmar, Vasiliy"]
[Black "Bashkansky, Naomi"]
[Result "0-1"]
[WhiteElo "2415"]
[BlackElo "1941"]
[Annotator "TA"]
[PlyCount "99"]
[EventDate "2018.08.06"]
[EventType "swiss"]
[EventCountry "LAT"]
[SourceTitle "playchess.com"]
[Source "ChessBase"]
[SourceQuality "1"]

{[%evp 20,99,55,6,100,8,15,19,8,20,20,16,33,33,43,33,52,0,2,0,101,102,102,91,100,91,77,87,115,114,149,135,152,141,162,152,170,163,207,205,240,247,297,283,277,295,337,253,280,295,277,222,485,0,282,284,278,286,252,200,196,182,285,235,233,199,29989,29990,29990,29991,29991,29992,29993,29994,29994,29995,29996,29995,29996,29995,29995,1048]} 1. d4 d5 2. c4 dxc4 3. e3 Nf6 4. Bxc4 e6 5. Nf3 c5 6. O-O a6 7. Bb3 b6 {D27: Angenommenes Damengambit (Hauptvariante 7.e4, 7.a4)} (7... Be7 8. Nc3 b5 9. Qe2 Nbd7 10. Rd1 Bb7 11. e4 c4 12. Bc2 Qb6 13. e5 Nd5 14. Bg5 Nxc3 15. bxc3 Qd8 16. Be4 Bxe4 17. Qxe4 O-O 18. h4 Nb6 {½-½ (39) Mamedyarov,S (2791)-Eljanov,P (2720) Heraklio 2017}) 8. Nc3 Bb7 9. Qe2 Nbd7 10. Rd1 {[%cal Bf1d1,Bd1d5,Bd5d6][%mdl 32]} Qc7 11. d5 {LiveBook: 3 Partien} (11. e4 {is interesting.} cxd4 12. Nxd4 Nc5 13. e5 Nxb3 14. axb3 Nd5 15. Nxd5 Bxd5 16. Rxa6 Rxa6 17. Qxa6 Bc5 18. Qa4+) 11... exd5 (11... Nxd5 $11 12. Nxd5 (12. Bxd5 Bxd5 13. Nxd5 exd5 $14) 12... Bxd5) 12. Nxd5 ({Besser ist} 12. e4 $1 $16 {[%cal Re4d5]} Bd6 13. Bxd5 (13. Nxd5 Nxd5 14. Bxd5 Bxd5 $14) (13. exd5+ Kf8 $11) 13... Nxd5 14. Nxd5 (14. exd5+ Kf8 $11) 14... Bxd5 15. exd5+ Kd8 16. Re1) 12... Nxd5 13. Bxd5 Bxd5 14. Rxd5 Be7 15. b3 {[#]} Bf6 $146 16. Bb2 $36 {[%mdl 2048] Droht stark Tad1. Weiss hat gut koordiniertes Spiel.} O-O 17. Rad1 Rfd8 18. Rd6 (18. Qd3 {feels hotter.} Bxb2 19. Rxd7 Rxd7 20. Qxd7 Qxd7 21. Rxd7 Rc8 22. Ra7) 18... Be7 19. R6d2 Bf6 (19... b5 $11 {bleibt in der Remisbreite.}) 20. Bxf6 $1 $16 Nxf6 {[#]} 21. Qxa6 $1 h6 22. Qc4 Rxd2 23. Rxd2 Rb8 24. a4 Rd8 25. Rd3 Rd6 26. h3 Qd8 27. Ne5 Rxd3 28. Qxd3 Qe8 29. f4 {[%cal Bf2f4,Bf4f5][%mdl 32]} Qe6 30. Nc4 Nd5 31. f5 Qc6 32. e4 {[%cal Be3e4,Be4e5][%mdl 32]} Nf6 33. e5 Nd5 34. Qe4 Qd7 35. Nd6 Qc6 $2 {[#]} (35... Ne7 {war nötig.} 36. Kf2 Nc6) 36. Nc4 (36. f6 $142 $1 {[%mdl 512]}) 36... Qd7 $18 37. e6 fxe6 38. fxe6 Qd8 39. Qf5 Nf6 {beabsichtigt ...Dd1+.} 40. Kh2 h5 (40... Qc7+ $142 41. Kg1 Qd8) 41. Qe5 Kf8 42. Ne3 {Schwarz muss nun Sf5 beachten.} Qd4 $2 (42... g6 $18 43. Qg3 Ke7 44. Qxg6 Kxe6 45. Qf5+ Ke7 46. Qe5+ Kf7) 43. Qc7 {[%csl Ge6][%cal Rc7f7] Weiß setzt Matt.} Kg8 44. Nf5 {[%csl Gf5][%cal Rc7g7]} Ng4+ 45. hxg4 Qxg4 46. Qe5 Kh7 47. e7 c4 48. bxc4 b5 49. axb5 h4 {[#]} 50. Qxg7+ $1 {[%mdl 32768] Precision: Weiß = 72%, Schwarz = 22%. . Loss on Time!?} 0-1

[Event "8th RTU Open 2018"]
[Site "Riga"]
[Date "2018.08.10"]
[Round "7"]
[White "Ruiz Castillo, Joshua Daniel"]
[Black "Dragnev, Valentin"]
[Result "1/2-1/2"]
[WhiteElo "2415"]
[BlackElo "2509"]
[Annotator "TA"]
[PlyCount "161"]
[EventDate "2018.08.06"]
[EventType "swiss"]
[EventCountry "LAT"]
[SourceTitle "playchess.com"]
[Source "ChessBase"]
[SourceQuality "1"]

{[%evp 19,161,0,0,-4,0,-35,-28,-38,-18,-21,-33,-33,-9,-20,-7,-62,-61,-58,-52,-50,-41,-49,-25,-47,-25,-131,-41,-110,-19,-15,0,0,0,0,0,0,0,0,0,0,0,-14,-14,-19,-6,-22,0,0,13,14,9,20,14,0,22,22,22,20,20,20,20,20,20,20,64,64,64,63,64,64,64,64,64,64,119,119,115,101,79,79,352,352,343,344,350,337,323,309,345,341,331,290,233,210,1197,1225,1200,1188,1155,1135,1008,969,2015,1867,1654,1367,1237,1122,1237,1012,1142,875,1189,1069,1120,1030,1537,3151,2394,2803,5462,6548,12294,29941,12796,6352,7331,5462,5381,4179,29958,8,8,8,8,8,8,8,8,8,8,8,8,8]} 1. e4 c5 2. Nf3 e6 3. d4 cxd4 4. Nxd4 Nc6 5. Nc3 Qc7 6. g3 a6 7. Bg2 Nf6 8. O-O h5 {B47: Sizilianisch (Paulsen/Taimanow-Variante)} (8... Be7 9. Re1 O-O 10. Nxc6 dxc6 11. e5 Rd8 12. Qe2 Nd5 {½-½ (12) Mamedov,R (2708)-Andreikin,D (2702) Minsk 2018}) 9. Bg5 Bc5 10. Nb3 Ba7 $1 {LiveBook: 3 Partien} 11. Qe2 Ne5 12. Rad1 $146 ({Vorgänger:} 12. h3 Ng6 13. Be3 h4 14. Bxa7 Rxa7 15. Qe3 b5 16. Nd4 Rb7 17. Rae1 b4 18. Nce2 hxg3 19. fxg3 {½-½ (38) Xu,Y (2386)-Bai,J (2564) China 2016}) 12... h4 13. Be3 hxg3 14. hxg3 b5 15. Bxa7 Qxa7 16. Nd4 Bb7 17. Nf3 ({Besser ist} 17. a4 $11) 17... Nfg4 $15 18. Nxe5 Nxe5 19. Qd2 f6 20. Ne2 Rd8 21. c3 Qa8 22. Qd4 (22. Qc2 $1 $11) 22... Kf7 (22... Nc4 $1 $17 {Droht stark ...e5.} 23. f4 Nxb2) 23. Nf4 (23. b3 $15) 23... g5 (23... Nc4 $1 $17 {...e5 ist eine echte Drohung.} 24. b3 e5) 24. Nd3 $11 d6 25. Nxe5+ dxe5 26. Qe3 Qc8 27. Qb6 Rd7 28. Bf3 Rhd8 29. Rxd7+ Rxd7 30. Bh5+ Ke7 31. Re1 Rd6 32. Qa7 Qc7 33. Rd1 Qb6 34. Qb8 {[%csl Gh5][%cal Rb8e8]} Rxd1+ 35. Bxd1 Qc6 36. Bh5 (36. Bc2 {with more complications.} Qd7 37. Qa7 Kf7 38. a3 Kg6 39. Qe3) 36... Qc8 (36... g4 {feels hotter.} 37. Bxg4 Qxe4 38. Qc7+ Kf8 39. Qd6+ Kg7) 37. Qxc8 Bxc8 {[%mdl 4096] Endspiel KL-KL} 38. Be2 Bb7 39. Bd3 Kd6 40. Kf1 Kc5 41. b4+ Kd6 42. Ke2 Bc6 43. Ke3 Ke7 44. c4 Bd7 45. Kd2 Bc6 46. Kc3 Kd6 (46... Bd7 $14) 47. a4 $1 $16 bxc4 {[#]} 48. Bc2 $1 f5 49. Kxc4 fxe4 $2 {[%mdl 8192]} (49... f4 $16) 50. Kc3 $18 Kd5 51. Bb3+ Kd6 52. Kd2 Bd5 53. Bc2 Bc6 54. Ke3 Kc7 55. a5 ({Schwächer ist} 55. Bxe4 Bxa4 56. Bd3 Kb6 $11) 55... Kd6 56. Bxe4 Bd7 $2 (56... Bd5 57. Bd3 Bb7) 57. Kf3 Ke7 58. Bd3 Bc8 59. Kg4 Kf6 60. f3 Bb7 61. Be4 Bc8 62. Kh5 Bd7 63. Bd3 Bc8 64. Kh6 Bb7 65. Be4 Bc8 66. Bc6 Kf5 67. g4+ Kf6 68. Kh5 e4 69. fxe4 e5 70. Kh6 Bxg4 71. b5 Bc8 {[#]} 72. Kh5 $1 ({Schlechter ist} 72. b6 g4 $17) 72... axb5 73. Bxb5 g4 74. Kh4 Ke7 75. Be2 $2 (75. a6 {setzt Matt} g3 76. Kxg3 Kf6 77. a7 Bb7 78. Bc4 Bxe4 79. Bf1 Ba8 80. Bg2) 75... Kd6 $11 {Die Stellung ist ausgeglichen.} 76. Bxg4 Bb7 77. Bf3 Kc5 78. Kg5 Kb5 (78... Bxe4 $5 79. Be2 (79. Bxe4 Kb5 $11) 79... Bc2 $11) 79. Kf5 Kxa5 (79... Bxe4+ $5 80. Bxe4 Kxa5 $11) 80. Kxe5 Bxe4 81. Bxe4 {Precision: Weiß = 71%, Schwarz = 48%.} 1/2-1/2

[Event "8th RTU Open 2018"]
[Site "Riga"]
[Date "2018.08.10"]
[Round "7"]
[White "Kreisl, Robert"]
[Black "Kaczur, Florian"]
[Result "1-0"]
[WhiteElo "2404"]
[BlackElo "2482"]
[Annotator "TA"]
[PlyCount "59"]
[EventDate "2018.08.06"]
[EventType "swiss"]
[EventCountry "LAT"]
[SourceTitle "playchess.com"]
[Source "ChessBase"]
[SourceQuality "1"]

{[%evp 21,59,8,33,14,16,13,22,20,79,66,68,68,80,87,115,26,132,116,121,129,106,112,123,119,637,607,2475,2369,2130,2104,1613,1354,993,627,624,609,29993,29994,29994,29995]} 1. c4 e6 2. Nc3 d5 3. d4 Be7 4. cxd5 exd5 5. Bf4 c6 6. e3 Bf5 7. Nge2 Nf6 8. Ng3 {D31: Damengambit (Halbslawisch)} Bg6 9. h4 h5 10. Bd3 Bxd3 11. Qxd3 g6 {LiveBook: 10 Partien} 12. f3 Nbd7 13. O-O-O Qa5 14. Kb1 O-O $146 (14... Nb6 $11) ({Vorgänger:} 14... b5 15. e4 dxe4 16. Ngxe4 {1-0 (37) Krush,I (2483)-Dougherty,M (2183) Caleta 2011}) 15. e4 $16 dxe4 16. Ngxe4 Rad8 17. Qc2 Rfe8 {[#]} 18. Bg5 (18. g4 $1 $16) 18... b5 {[#]} (18... Kg7 $11) 19. d5 $1 {[%cal Rd5d6]} cxd5 20. Nxd5 Nxd5 21. Rxd5 {Schwarz muss nun Lxe7 beachten.} Rc8 22. Qe2 Nc5 $2 {[%mdl 8192] [#]} (22... Nb6 $16 23. Re5 (23. Qxb5 Qxb5 24. Rxb5 f5 $16) (23. Rxb5 Qa6 $16) 23... Bxg5 24. Rxe8+ (24. Rxg5 Nc4 $11) (24. hxg5 Rxe5 25. Nf6+ Kf8 $11) (24. Rxb5 $2 Rxe4 25. fxe4 Qa6 $19) 24... Rxe8) 23. Rxc5 $1 $18 {[%mdl 512]} Bxc5 (23... Rxc5 24. Nxc5) 24. Nf6+ Kh8 25. Nxe8 {Weiss droht De5+ und Matt.} Bd4 26. Qe7 {Beabsichtigt Df8+ und Matt.} Kg8 27. Nf6+ Bxf6 28. Qxf6 {Weiss will mit Lh6 Matt setzen.} Qa4 29. Bh6 {[%csl Gh6][%cal Rf6g7]} Qc2+ 30. Ka1 {Precision: Weiß = 65%, Schwarz = 22%.} 1-0